| 000 | 00613cam a2200241 4500 | ||
|---|---|---|---|
| 001 | J1472 | ||
| 008 | 090401t1993 xxu||||| |||| 00| 0 eng d | ||
| 035 | _a(Sirsi) u43598 | ||
| 041 | _aeng | ||
| 050 | _a306.1 | ||
| 100 | _aMorrell, James | ||
| 245 | _aBusiness forecasts for the housing market to 1998. | ||
| 260 |
_aLondon _bJames Morrell Associates _c1993 |
||
| 300 | _a34,32p. ; 30cm. | ||
| 350 | _a60 | ||
| 650 | _aHOUSE PRICES | ||
| 650 | _aHOUSING MARKET | ||
| 650 | _aHOUSING STATISTICS | ||
| 690 | _aHOUSING | ||
| 710 |
_aJames Morrell Associates _9810 |
||
| 942 | _n0 | ||
| 948 | _c04/03/1997 | ||
| 999 |
_c91361 _d91361 |
||